| 000 | 00657nam a2200241Ia 4500 | ||
|---|---|---|---|
| 005 | 20251020182607.0 | ||
| 008 | 200515s9999 xx 000 0 und d | ||
| 082 | _aSC/528.41/S66 | ||
| 100 | _aANTONIO SOLLER, César | ||
| 100 | _aGÓMEZ BRAVO, Carlos Antonio | ||
| 100 | _aMENDOZA HINOSTROZA, Guillermo M. | ||
| 100 | _aMONTENEGRO PEÑAFIEL, Juan Omar | ||
| 100 | _aQUESQUEN FERNANDEZ, Enrique Vicente | ||
| 100 | _aSARDÓN MEZA, José Francisco | ||
| 245 | 0 | _aProyecto Carretera Canta-Chocas (1 Km) | |
| 260 | _aLima | ||
| 260 | _c195 | ||
| 300 | _a49 | ||
| 650 | _aCARRETERAS | ||
| 650 | _aM-SENC | ||
| 650 | _aTOPOGRAFIA | ||
| 942 | _cLIB | ||
| 999 |
_c3239 _d3239 |
||